Marketing časopis pro podnikatelskou praxi

Gespeichert in:
Bibliographische Detailangaben
Format: Schriftenreihe
Sprache:Tschechisch
Veröffentlicht: Praha Agma 1991
Schlagworte:
Tags: Tag hinzufügen
Keine Tags, Fügen Sie das erste Tag hinzu!

MARC

LEADER 00000nas2a2200000 4500
001 s015260
005 20041019155330.0
041 0 |a cze 
044 |a CZ 
245 1 0 |a Marketing  |b časopis pro podnikatelskou praxi 
264 1 |a Praha  |b Agma  |c 1991 
300 |a 1 zv. 
773 0 |w eu_un_cat*s120441 
610 2 0 |a marketing 
610 2 0 |a stratégia marketingová 
610 2 0 |a nástroje marketingové